Tự nhiên và xã hội 1 Sách giáo viên
محفوظ في:
| المؤلف الرئيسي: | |
|---|---|
| مؤلفون آخرون: | |
| التنسيق: | كتاب |
| اللغة: | Undetermined |
| منشور في: |
H.
Giáo dục
2002
|
| الموضوعات: | |
| الوصول للمادة أونلاين: | http://lrc.tdmu.edu.vn/opac/search/detail.asp?aID=2&ID=4334 |
| الوسوم: |
إضافة وسم
لا توجد وسوم, كن أول من يضع وسما على هذه التسجيلة!
|
| Thư viện lưu trữ: | Trung tâm Học liệu Trường Đại học Thủ Dầu Một |
|---|
| LEADER | 00650nam a2200217Ia 4500 | ||
|---|---|---|---|
| 001 | TDMU_4334 | ||
| 008 | 210410s9999 xx 000 0 und d | ||
| 082 | |a 500.72 | ||
| 090 | |b B510 | ||
| 100 | |a Bùi, Phương Nga | ||
| 245 | 0 | |a Tự nhiên và xã hội 1 | |
| 245 | 0 | |b Sách giáo viên | |
| 245 | 0 | |c Bùi Phương Nga | |
| 260 | |a H. | ||
| 260 | |b Giáo dục | ||
| 260 | |c 2002 | ||
| 300 | |a 107tr | ||
| 650 | |a Sách giáo viên lớp 1 | ||
| 700 | |a Lê, Thị Thu Dinh | ||
| 856 | |u http://lrc.tdmu.edu.vn/opac/search/detail.asp?aID=2&ID=4334 | ||
| 980 | |a Trung tâm Học liệu Trường Đại học Thủ Dầu Một | ||